000 00515nam a2200193Ia 4500
003 GCL
008 140319s9999 xx 000 0 ara d
040 _aGCL /
_cGCL
082 0 4 _a813.03
_bع ج
245 1 0 _aالجنون الشرقى: رواية
260 _a[S.N] :
_bمكتبة مدبولى ،
_c1989
300 _a279 ص
490 _a
650 0 4 _aالادب العربى
650 0 4 _aالقصص العربية
650 0 4 _aالطلاق
650 0 4 _aالقصص العاطفية
942 _2ddc
_cBK
999 _c52689
_d52689